A tömegessé váló felsőoktatás dilemmái

Podrobná bibliografia
Hlavní autori: Zsebik, Ildikó (ain), Hrubos, Ildikó (Autor, uin)
Médium: Článok
Jazyk:maďarčina
slovenčina
Predmet:

MARC

LEADER 00000nab a2200000 a 4500
001 vtls000715940
003 SK-MaSNL
005 20260318115003.0
008 040806c2000 xo 0 hun
015 |a SNBRB2000/03-08439 
035 |a CLN000068107 
040 |a SNKBUCL  |b slo  |c SNKBUCL  |e AACR2 
041 0 |a slo 
044 |a xo  |c SK 
080 |a 378  |2 UDC-MRF-SK2 
100 1 |a Zsebik, Ildikó  |4 ain  |9 840447 
245 1 0 |a A tömegessé váló felsőoktatás dilemmái  |c Zsebik Ildikó, Hrubos Ildikó 
610 2 7 |a Mestská univerzita (Kráľovský Chlmec, Slovensko)  |2 snkbucl  |9 94930 
650 0 7 |a vysoké školy  |2 snkbucl  |9 1277 
650 0 7 |a vysokoškolské vzdelávanie  |2 snkbucl  |9 71314 
651 7 |a Slovensko  |2 snkbucl  |9 14231 
651 7 |a Kráľovský Chlmec (Slovensko)  |2 snkbucl  |9 15685 
655 7 |a články z novín a časopisov  |2 snkbucl  |9 267496 
700 1 |a Hrubos, Ildikó  |4 aut  |4 uin  |9 1602028 
773 0 |t Szabad újság  |g Roč. 8, č. 6 (2000), s. 9 
850 |a Slovenská národná knižnica v Martine 
852 |a SNK  |b KIS3GCP 
999 |c 3298902  |d 3300832